Housing and neighbourhoods monitor (Record no. 105914)

MARC details
000 -LEADER
fixed length control field 01117cam a2200241 4500
001 - CONTROL NUMBER
control field ##L135091
008 - FIXED-LENGTH DATA ELEMENTS--GENERAL INFORMATION
fixed length control field 060925n2006 000 0 eng u
020 ## - INTERNATIONAL STANDARD BOOK NUMBER
International Standard Book Number 1859355129
035 ## - SYSTEM CONTROL NUMBER
System control number (Sirsi) u135091
041 0# - LANGUAGE CODE
Language code of text/sound track or separate title eng
050 04 - LIBRARY OF CONGRESS CALL NUMBER
Classification number 306.1 $2 18
100 1# - MAIN ENTRY--PERSONAL NAME
Personal name Palmer, Guy
245 00 - TITLE STATEMENT
Title Housing and neighbourhoods monitor
260 ## - PUBLICATION, DISTRIBUTION, ETC.
Place of publication, distribution, etc. York
Name of publisher, distributor, etc. Joseph Rowntree Foundation
Date of publication, distribution, etc. 2006
520 ## - SUMMARY, ETC.
Summary, etc. Examines statistical information in order to assess the current situation with regards to housing and neighbourhoods in the UK. Shows how neighbourhoods and housing are changing and how this relates to government policy targets. The information presented illustrates trends over time as well as variations between different sections of the population. Tables.
590 ## - LOCAL NOTE (RLIN)
Local note IKA031006
651 #4 - SUBJECT ADDED ENTRY--GEOGRAPHIC NAME
Geographic name United Kingdom
Chronological subdivision
690 ## - LOCAL SUBJECT ADDED ENTRY--TOPICAL TERM (OCLC, RLIN)
Topical term or geographic name as entry element PROPERTY-RESIDENTIAL PROPERTY-RESIDENTIAL PROPERTY MARKET
700 1# - ADDED ENTRY--PERSONAL NAME
Personal name Kenway, Peter
700 1# - ADDED ENTRY--PERSONAL NAME
Personal name Wilcox, Steve
856 40 - ELECTRONIC LOCATION AND ACCESS
Uniform Resource Identifier <a href="https://www.npi.org.uk/files/New%20Policy%20Institute/housing%20and%20neighbourhoods.pdf">https://www.npi.org.uk/files/New%20Policy%20Institute/housing%20and%20neighbourhoods.pdf</a>
Public note View the item free of charge at www.jnpi.org.uk...
942 ## - ADDED ENTRY ELEMENTS (KOHA)
Suppress in OPAC 0
Holdings
Withdrawn status Lost status Source of classification or shelving scheme Damaged status Not for loan Home library Current library Shelving location Date acquired Total Checkouts Full call number Barcode Date last seen Copy number Price effective from Koha item type
    Dewey Decimal Classification     Virtual Virtual Online 25/09/2006   ONLINE PUBLICATION 135091-1001 06/08/2019 1 06/08/2019 Book